00338nam a2200133Ia 4500008004100000020001000041040001600051041001200067082001900079100002000098245003400118260003700152300001500189230917s9999||||xx |||||||||||||| ||und|| cRS150 e12476aMAIN aEnglish a301.4443 B239C aBarik, Bishnu C 0aClass formation and peasantry aJaipurbRawat Publicationsc1988 axv, 214 p.